Only Countries that defeated Japan in FIFA - Statistics

General Stats
  • This quiz has been taken 7 times
  • The average score is 6 of 12
Answer Stats
Times Defeated Country % Correct
1 Argentina
71%
1 Australia
71%
1 Belgium
71%
1 Brazil
71%
1 Netherlands
71%
1 Poland
71%
1 Colombia
43%
1 Costa Rica
43%
1 Croatia
43%
1 Turkey
43%
1 Jamaica
29%
1 Ivory Coast
14%
No matching quizzes found
Score Distribution
Percent of People with Each Score
Percentile by Number Answered
Your Score History
You have not taken this quiz